Guess the kpop mvs (2024) - Statistics

General Stats
  • This quiz has been taken 481 times
  • The average score is 21 of 36
Answer Stats
Picture Answer % Correct
Apt
100%
Wife
86%
Abcd
83%
Crazy
83%
Supernova
83%
Mantra
80%
Whiplash
80%
Ggum
76%
Magnetic
75%
Smart
74%
Super lady
74%
Ice cream
73%
Drip
71%
Maestro
68%
Chk chk boom
67%
Sheesh
66%
Armageddon
61%
Gold
61%
Forever
60%
Spot!
58%
How sweet
57%
New woman
57%
Standing next to you
57%
Klaxon
55%
Heya
51%
Untouchable
47%
Deja vu
42%
One spark
41%
Boom boom bass
33%
Over the moon
33%
Love, money, fame
29%
Xo (only if you say yes)
28%
Earth, wind and fire
23%
Kingkong
21%
Sad song
18%
Unconditional
13%
No matching quizzes found
Score Distribution
Percent of People with Each Score
Percentile by Number Answered
Your Score History
You have not taken this quiz